Ken Carson’s Discography - Statistics

General Stats
  • This quiz has been taken 247 times
    124 since last reset
  • The average score is 11 of 14
Answer Stats
Year Type Name % Correct
2023 Studio Album A Great Chaos
100%
2022 Studio Album X
97%
2020 EP Teen X
96%
2022 Deluxe XTENDED
90%
2024 Deluxe A Great Chaos (Deluxe)
87%
2020 EP Boy Barbie
86%
2021 Studio Album Project X
84%
2023 Mixtape lost ?
73%
2021 Mixtape Lost Files
72%
2021 Mixtape Lost Files 2
71%
2021 EP Teen X: Relapsed
70%
2022 Mixtape lost_files_3
69%
2023 Mixtape More Before The More (Lost Files 5)
56%
2022 Mixtape X TWO THREE
22%
No matching quizzes found
Score Distribution
Percent of People with Each Score
Percentile by Number Answered
Your Score History
You have not taken this quiz since the last reset